Návrh vnitřní struktury environmentální statistické databáze /

Hlavní autor: Ritschelová, Iva, 1964-2017
Jazyk: Čeština
Vydáno: Praha : Centrum pro otázky životního prostředí Univerzity Karlovy, 1995
Vydání: Vyd. 1.
Edice: Ekonomické nástroje pro trvale udržitelný rozvoj České republiky
Témata:
Fyzický popis: 38 s. : il. ; 29 cm
Knihy
Uloženo v:
LEADER 01210nam a2200301 a 4500
001 000058266
003 CZ BrMZK
005 20240806100611.0
008 950313s1995 xr e 0 cze d
015 |a cnb000116913 
020 |a 80-7184-131-5 
040 |a BOA001  |b cze 
072 7 |a 502  |x Životní prostředí a jeho ochrana  |2 Konspekt  |9 2 
080 |a 502/504:004.652  |2 MRF 
080 |a (047)  |2 MRF 
100 1 |a Ritschelová, Iva,  |d 1964-2017  |7 mzk2003169995  |4 aut 
245 1 0 |a Návrh vnitřní struktury environmentální statistické databáze /  |c Iva Ritschelová 
250 |a Vyd. 1. 
260 |a Praha :  |b Centrum pro otázky životního prostředí Univerzity Karlovy,  |c 1995 
300 |a 38 s. :  |b il. ;  |c 29 cm 
490 1 |a Ekonomické nástroje pro trvale udržitelný rozvoj České republiky ;  |v sv. 10 
504 |a Obsahuje bibliografii 
650 0 7 |a environmentální statistické databáze  |7 ph114480  |2 czenas 
655 7 |a zprávy  |7 fd133875  |2 czenas 
830 0 |a Ekonomické nástroje pro trvale udržitelný rozvoj České republiky 
910 |a BOA001  |b X2-1016.909 
990 |a BK 
996 7 |b 2610032049  |c X2-1016.909  |l MZK  |r Sklad / do 24 hodin  |n 20  |p p.v.  |w 000058266  |u 000010  |a 1  |e BOA001  |j MZK50  |s A